Загрузка...
Economic devolopment of continental Europe 1780-1870 /
| Главный автор: | |
|---|---|
| Другие авторы: | |
| Формат: | Printed Book |
| Язык: | English |
| Опубликовано: |
George Allen & Unwin,
1973.
|
| LEADER | 00505nam a2200145Ia 4500 | ||
|---|---|---|---|
| 008 | 150624b xxu||||| |||| 00| 0 eng d | ||
| 082 | |a 338.94 | ||
| 100 | |a Milward, Alan S. | ||
| 245 | |a Economic devolopment of continental Europe 1780-1870 / |c Alan S. Milward | ||
| 260 | |b George Allen & Unwin, |c 1973. | ||
| 300 | |a 548 p. | ||
| 700 | |a Saul, S. B. | ||
| 942 | |c BK | ||
| 999 | |c 12447 |d 12447 | ||
| 952 | |0 0 |1 0 |4 0 |6 338_940000000000000_MIL_E |7 0 |9 12446 |a UL |b UL |c SEC |d 1998-08-28 |l 0 |o 338.94 MIL/E |p 18460 |r 2012-10-27 |w 2012-10-27 |y BK | ||